000 01510 a2200265 4500
001 113336
003 OSt
005 20240412192832.0
008 240412b |||||||| |||| 00| 0 POR d
020 _a9788565771061
040 _aBR-BrIDEA
_cBR-BrIDEA
041 _apor
082 _a869
090 _aP Year 8 869 COU
100 _aCouto, Mia.
245 1 0 _aA menina sem palavras
_c Mia Couto
250 _a1.ed.
260 _aSão Paulo
_bBoa Companhia
_c2013
300 _a160p.
_c20.8 x 13.8 x 1 cm
520 _aOs dezessete contos desta antologia foram escritos em fases distintas da carreira do escritor Mia Couto e compõem um panorama surpreendente do universo infantil em Moçambique. Acostumados a reconhecer nos povos africanos a violência e a miséria, o leitor encontrará nessa seleção uma delicadeza que não se vê nos relatos oficiais. As histórias selecionadas mostram a complexidade que move as relações familiares, a orfandade em um país que viveu por anos em guerra, a realidade das crianças submetidas ao trabalho infantil e os resquícios da luta pela independência. Mia Couto é um prosador bastante sensível às complexidades da vida e um escritor que constrói as narrativas inspiradas na linguagem oral, revelando a sua influência e admiração pelo nosso Guimarães Rosa, sem contar a presença do fantástico e do religioso em suas histórias.
521 _aGrade 7
697 _aContos moçambicanos.
856 _u000023/00002376.jpg
942 _cBK
_2ddc
999 _c113336
_d113336